A 'the Mama Kin' ékszermárka értékesítési tevékenységének elemző bemutatása

Bibliographic Details
Main Author: D.Nagy Kinga
Other Authors: Németh Dr. Patrícia
Format: Project work
Kulcsszavak:Online értékesítés
E-kiskereskedelem
Árképzés
Divatipar
Ékszeripar
Online Access:http://dolgozattar.uni-bge.hu/22533

MARC

LEADER 00000nnm a2200000 i 4500
001 dolg22533
005 20190903151103.0
008 190517suuuu hu o 000 hun d
040 |a BGE Dolgozattár Repozitórium  |b hun 
041 |a hu 
100 1 |a D.Nagy Kinga 
245 1 2 |a A 'the Mama Kin' ékszermárka értékesítési tevékenységének elemző bemutatása  |c D.Nagy Kinga  |h [elektronikus dokumentum] 
246 1 1 |a A 'the Mama Kin' ékszermárka értékesítési tevékenységének elemző bemutatása 
516 |a Project_work 
695 |a Online értékesítés 
695 |a E-kiskereskedelem 
695 |a Árképzés 
695 |a Divatipar 
695 |a Ékszeripar 
700 1 |a Németh Dr. Patrícia  |e ths 
856 4 0 |u http://dolgozattar.uni-bge.hu/22533/1/D.Nagy_Kinga_DCUL1L.pdf  |z Dokumentum-elérés 
856 4 0 |u http://dolgozattar.uni-bge.hu/22533/7/D.Nagy%20Kinga_titkos%C3%ADt%C3%A1s.pdf  |z Dokumentum-elérés